Marhaba bikkum fi Dubai(മർഹബാ ബിക്കും ഫി ദുബൈ) (Record no. 114648)
[ view plain ]
| 000 -LEADER | |
|---|---|
| fixed length control field | 00466 a2200157 4500 |
| 005 - DATE AND TIME OF LATEST TRANSACTION | |
| control field | 20251217130358.0 |
| 008 - FIXED-LENGTH DATA ELEMENTS--GENERAL INFORMATION | |
| fixed length control field | 250922b |||||||| |||| 00| 0 eng d |
| 020 ## - INTERNATIONAL STANDARD BOOK NUMBER | |
| International Standard Book Number | 9789384665418 |
| 080 ## - UNIVERSAL DECIMAL CLASSIFICATION NUMBER | |
| Universal Decimal Classification number | 89M-992 |
| Item number | NAJ/M |
| 100 ## - MAIN ENTRY--PERSONAL NAME | |
| Personal name | Najib Kadambot |
| 245 ## - TITLE STATEMENT | |
| Title | Marhaba bikkum fi Dubai(മർഹബാ ബിക്കും ഫി ദുബൈ) |
| 260 ## - PUBLICATION, DISTRIBUTION, ETC. (IMPRINT) | |
| Name of publisher, distributor, etc | Megha books |
| Place of publication, distribution, etc | Chalakudy. |
| Date of publication, distribution, etc | 2022. |
| 300 ## - PHYSICAL DESCRIPTION | |
| Extent | 136p. |
| 653 ## - INDEX TERM--UNCONTROLLED | |
| Uncontrolled term | Travelogue-Malayalam Literature |
| 942 ## - ADDED ENTRY ELEMENTS (KOHA) | |
| item type | Under processing |
| Lost status | Source of classification or shelving scheme | Not for loan | Home library | Current library | Date acquired | Cost, normal purchase price | Total Checkouts | Full call number | Barcode | Date last seen | Cost, replacement price | Price effective from | Koha item type |
|---|---|---|---|---|---|---|---|---|---|---|---|---|---|
| Universal Decimal Classification | University Library | University Library | 11/03/2025 | 146.67 | 89M-992 NAJ/M | 00097008 | 11/03/2025 | 220.00 | 11/03/2025 | Books |
